Religion and politics among Arab seafarers in Britain in the early twentieth century
For the communities of Arab seafarers who settled at British ports, religion and politics were two domains that remained closely intermeshed throughout the first half of the twentieth century. A number of international Islamic organizations were active among the Arab seafarers during this time. The...
| Main Author: | |
|---|---|
| Format: | Print Article |
| Language: | English |
| Check availability: | HBZ Gateway |
| Interlibrary Loan: | Interlibrary Loan for the Fachinformationsdienste (Specialized Information Services in Germany) |
| Published: |
[1994]
|
| In: |
Islam and Christian-Muslim relations
Year: 1994, Volume: 5, Issue: 1, Pages: 35-56 |
MARC
| LEADER | 00000naa a22000002c 4500 | ||
|---|---|---|---|
| 001 | 1670765644 | ||
| 003 | DE-627 | ||
| 005 | 20190807161635.0 | ||
| 007 | tu | ||
| 008 | 190807s1994 xx ||||| 00| ||eng c | ||
| 035 | |a (DE-627)1670765644 | ||
| 035 | |a (DE-599)KXP1670765644 | ||
| 040 | |a DE-627 |b ger |c DE-627 |e rda | ||
| 041 | |a eng | ||
| 084 | |a 0 |a 1 |2 ssgn | ||
| 100 | 1 | |e VerfasserIn |0 (DE-588)170159337 |0 (DE-627)060204672 |0 (DE-576)161926150 |4 aut |a Lawless, Richard I. |d 1943- | |
| 109 | |a Lawless, Richard I. 1943- |a Lawless, Richard Ivor 1943- |a Lawless, Dick 1943- |a Lawless, Richard 1943- | ||
| 245 | 1 | 0 | |a Religion and politics among Arab seafarers in Britain in the early twentieth century |c Richard I. Lawless |
| 264 | 1 | |c [1994] | |
| 336 | |a Text |b txt |2 rdacontent | ||
| 337 | |a ohne Hilfsmittel zu benutzen |b n |2 rdamedia | ||
| 338 | |a Band |b nc |2 rdacarrier | ||
| 520 | |a For the communities of Arab seafarers who settled at British ports, religion and politics were two domains that remained closely intermeshed throughout the first half of the twentieth century. A number of international Islamic organizations were active among the Arab seafarers during this time. The Islamic Society and the Western Islamic Association were active among these Arab seafaring communities during periods of acute tension and unrest. After the 1919 race riots, the Islamic Society called for reconciliation and understanding rather than resistance, and in 1930 the Western Islamic Association sought to counter the activities of those Arabs who chose resistance and solidarity with the Communist-led Seamen's Minority Movement. The North African-based c Alawi tariqa creaud something of a religious revival among the Arab seafarers during the 1930s and 1940s. Its efforts appear to have been welcomed and supported by the British authorities as a useful counter to Communist propaganda. | ||
| 601 | |a Religion | ||
| 773 | 0 | 8 | |i Enthalten in |t Islam and Christian-Muslim relations |d Abingdon : Routledge, 1990 |g 5(1994), 1, Seite 35-56 |w (DE-627)170281272 |w (DE-600)1035057-3 |w (DE-576)02311407X |x 0959-6410 |7 nnas |
| 773 | 1 | 8 | |g volume:5 |g year:1994 |g number:1 |g pages:35-56 |
| 776 | 1 | |o 10.1080/09596419408721020 | |
| 951 | |a AR | ||
| ELC | |b 1 | ||
| ITA | |a 1 |t 1 | ||
| LOK | |0 000 xxxxxcx a22 zn 4500 | ||
| LOK | |0 001 3505065420 | ||
| LOK | |0 003 DE-627 | ||
| LOK | |0 004 1670765644 | ||
| LOK | |0 005 20190807160237 | ||
| LOK | |0 008 190807||||||||||||||||ger||||||| | ||
| LOK | |0 040 |a DE-Tue135 |c DE-627 |d DE-Tue135 | ||
| LOK | |0 092 |o n | ||
| LOK | |0 852 |a DE-Tue135 | ||
| LOK | |0 852 1 |9 00 | ||
| LOK | |0 935 |a ixzs |a ixzo |a rwrk | ||
| LOK | |0 939 |a 07-08-19 |b l01 | ||
| ORI | |a SA-MARC-ixtheoa001.raw | ||
| REL | |a 1 | ||
| SUB | |a REL | ||



